000
00308nam a2200121Ia 4500
999
_c
11962
_d
11962
020
_a
978-0-07-070655-2.
082
_a
510
100
_a
Frank S.Budnick
245
0
_a
Applied Mathematics for Business Economics and School Science
260
_a
New Delhi
_b
McGraw -Hill
_c
1993
300
_a
1136
942
_c
BK